000 00377 a2200169 4500
001 157079
020 _a9788574421780
040 _cEscola São Tomás de Aquino
100 _aAQUINO, Mônica de
240 1 0 _aGato escaldado
_lpor
245 1 0 _aGato escaldado
300 _a48 p.
362 0 _a2016
440 1 _aMiguilim
697 _a*LITERATURA INFANTIL
942 _cBK
999 _c157079
_d157079